000
00273nam a22001217a 4500
008
171030b xxu||||| |||| 00| 0 eng d
041
_a
eng
080
_a
336
100
_a
57
101
_a
FIN
245
_a
PRINCIPLES OF CORPORATE FINANCE
_c
BREALEY, R.A
942
_2
udc
_c
BK
999
_c
36450
_d
36450